|
|
|
|
| LEADER |
00000nta a2200000 i 4500 |
| 001 |
dolg134 |
| 005 |
20150422120752.0 |
| 008 |
141002suuuu hu om 000 hun d |
| 040 |
|
|
|a BGE Dolgozattár Repozitórium
|b hun
|
| 041 |
|
|
|a hu
|
| 100 |
1 |
|
|a Kristóf Zoltán
|
| 245 |
1 |
2 |
|a A Globe Trans Cargo Kft. marketingkommunikációjának értékelő elemzése és fejlesztése
|c Kristóf Zoltán
|h [elektronikus dokumentum]
|
| 695 |
|
|
|a Globe Trans Cargo Kft.
|
| 695 |
|
|
|a Sliwa Tünde
|
| 700 |
1 |
|
|a Brávácz Ibolya
|e ths
|
| 856 |
4 |
0 |
|u http://dolgozattar.uni-bge.hu/134/1/Szakdolgozat%20kristofzoltan%20BHUWUW%202014.10.02..pdf
|z Dokumentum-elérés
|